000 00466nam a2200157 i 4500
001 99261
003 ES-MaACL
005 20230906182452.0
007 t|
008 050906s1963 sp ||||1| spa d
100 1 _aMartín Hidalgo, Marcelino.
_977527
245 1 0 _a50 años al servicio de la imprenta... /
_cpor Marcelino Martín Hidalgo.
260 _aMadrid :
_bHimar,
_c1963.
300 _a354 p., 9 h. :
_bil. ;
_c21 cm.
852 _aES-MaACL
_jC-24498
_bR.53402
999 _c99261
_d99261